| 000 | 00499nam a2200181Ia 4500 | ||
|---|---|---|---|
| 008 | 230917s9999||||xx |||||||||||||| ||und|| | ||
| 020 | _cGBP49.99 | ||
| 040 |
_e219867 _aMAIN |
||
| 041 | _aEnglish | ||
| 082 | _a515.6402462 K836A(2) | ||
| 100 | _aKomzsik, Louis | ||
| 245 | 0 | _aApplied calculus of variations for engineers | |
| 250 | _a2nd ed. | ||
| 260 |
_aBoca Raton _bCRC Press _c2014 |
||
| 300 | _axx, 213 p. | ||
| 500 | _a1663 05/11/2014 HBD6135 28/11/2014 Mathematics (NBHM) | ||
| 942 | _cBK | ||
| 999 |
_c12460 _d12460 |
||